ENGINEERING HEAT TRANSFER (Record no. 584282)
[ view plain ]
| 000 -LEADER | |
|---|---|
| fixed length control field | 00272nam a22001217a 4500 |
| 020 ## - INTERNATIONAL STANDARD BOOK NUMBER | |
| International Standard Book Number | 0-534-06204-0 |
| 082 ## - DEWEY DECIMAL CLASSIFICATION NUMBER | |
| Classification number | 621.4022 JAN |
| 100 ## - MAIN ENTRY--PERSONAL NAME | |
| Personal name | JANNA WILLIAM S' |
| 9 (RLIN) | 25784 |
| 245 ## - TITLE STATEMENT | |
| Title | ENGINEERING HEAT TRANSFER |
| 260 ## - PUBLICATION, DISTRIBUTION, ETC. | |
| Place of publication, distribution, etc. | BOSTON |
| Name of publisher, distributor, etc. | PWS |
| Date of publication, distribution, etc. | 1986 |
| 300 ## - PHYSICAL DESCRIPTION | |
| Extent | 769P |
| 942 ## - ADDED ENTRY ELEMENTS (KOHA) | |
| Koha item type | Book |
| Withdrawn status | Lost status | Damaged status | Not for loan | Permanent Location | Current Location | Shelving location | Date acquired | Total Checkouts | Full call number | Barcode | Date last seen | Price effective from | Koha item type |
|---|---|---|---|---|---|---|---|---|---|---|---|---|---|
| College of Electrical & Mechanical Engineering (CEME) | College of Electrical & Mechanical Engineering (CEME) | General Stacks | 07/03/2017 | 621.4022 JAN | CEME-23201 | 06/28/2021 | 06/28/2021 | Book |
